000 00435nam a2200169Ia 4500
008 230711s9999||||xx |||||||||||||| ||und||
041 _aENG
082 _a624
_bRA-G
100 _aRamamurthy ,T.N
245 0 _aGeotechnical engineering ( basics of soil mechanics )
250 _a1st Ed.
260 _c2005
_aNew Delhi
_bS.Chand & Company Ltd
300 _a289
650 _aCivil Engineering
700 _aSitharam,T.G
942 _cBK
999 _c4985
_d4985